Welcome to CU Library Online Public Access Catalogue (OPAC)

Another gospel : (Record no. 6937)

MARC details
000 -LEADER
fixed length control field 00684cam a2200205 a 4500
001 - CONTROL NUMBER
control field 2068188
005 - DATE AND TIME OF LATEST TRANSACTION
control field 20250712134445.0
008 - FIXED-LENGTH DATA ELEMENTS--GENERAL INFORMATION
fixed length control field 940328s1994 miu b 001 0 eng
020 ## - INTERNATIONAL STANDARD BOOK NUMBER
International Standard Book Number 0801063159
Qualifying information pbk.
020 ## - INTERNATIONAL STANDARD BOOK NUMBER
International Standard Book Number 9780801063152
Qualifying information (pbk.)
050 00 - LIBRARY OF CONGRESS CALL NUMBER
Classification number BT83.57
Item number .M376 1994
082 00 - DEWEY DECIMAL CLASSIFICATION NUMBER
Classification number 230/.046
Edition information 20
100 1# - MAIN ENTRY--PERSONAL NAME
Personal name McGlasson, Paul.
245 10 - TITLE STATEMENT
Title Another gospel :
Remainder of title a confrontation with liberation theology /
Statement of responsibility, etc. Paul C. McGlasson ; foreword by Brevard S. Childs.
260 ## - PUBLICATION, DISTRIBUTION, ETC.
Place of publication, distribution, etc. Grand Rapids, Mich. :
Name of publisher, distributor, etc. Baker Books,
Date of publication, distribution, etc. c1994.
300 ## - PHYSICAL DESCRIPTION
Extent 94 p. ;
Dimensions 22 cm.
650 #0 - SUBJECT ADDED ENTRY--TOPICAL TERM
Topical term or geographic name entry element Liberation theology.
650 #0 - SUBJECT ADDED ENTRY--TOPICAL TERM
Topical term or geographic name entry element Theology, Doctrinal
Geographic subdivision North America
General subdivision History
Chronological subdivision 20th century.
942 ## - ADDED ENTRY ELEMENTS (KOHA)
Source of classification or shelving scheme Library of Congress Classification
Koha item type Books
Suppress in OPAC No
999 ## -
-- 6937
-- 6937
Holdings
Withdrawn status Lost status Source of classification or shelving scheme Damaged status Not for loan Collection Home library Current library Shelving location Date acquired Total checkouts Full call number Barcode Date last seen Copy number Price effective from Koha item type
    Library of Congress Classification     Non-fiction Undergraduate Library (Christ Temple) Undergraduate Library (Christ Temple) General stacks 07/12/2025   BT83.57 MCG ulct00003807 07/12/2025 1 07/12/2025 Books
© 2023-2024 Copyright: Central University Libraries. All Rights Reserved | Created by: Mahone Tech Office